Odgadnij piosenkę Imagine Dragons po fragmencie tekstu - Statystyki

Ogólne statystyki
  • Ten quiz został rozwiązany 153 razy
  • Średni wynik to 9 z 30
Statystyki odpowiedzi
Tekst Tytuł % Poprawnych
Just a young gun with a quick fuseI was uptight, wanna let loose I was dreaming of bigger things and Wanna leave my own life behind Thunder
77%
First things firstI'ma say all the words inside my head I'm fired up and tired of The way that things have been, oh-ooh The way that things have been, oh-ooh Believer
76%
When the days are coldAnd the cards all fold And the saints we see Are all made of gold When your dreams all fail And the ones we hail Are the worst of all And the blood's run stale Demons
69%
Gimme, gimme, gimme some time to thinkI'm in the bathroom, looking at me Face in the mirror is all I need (ooh) Bones
66%
And now it's time to build from the bottom of the pitRight to the top Don't hold back Packing my bags and giving the academy a rain check It's Time
51%
As a child, you would wait and watch from far awayBut you always knew that you'd be the one That work while they all play Warriors
48%
Two hearts, one valvePumpin' the blood, we were the flood We were the body and Two lives, one life Stickin' it out, lettin' you down Makin' it right Birds
41%
Nobody can save me nowKing is crowned It's do or die Nobody can save me now The only sound Is the battle cry Is the battle cry Is the battle cry Nobody can save me now It's do or die Battle Cry
37%
If you love somebodyBetter tell them while they're here 'cause They just may run away from you You'll never know quite when, well Then again, it just depends on How long of time is left for you On Top of the World
37%
I know I took the path that you would never want for meI know I let you down, didn't I? So many sleepless nights where you were waiting up on me Well I'm just a slave unto the night I Bet My Life
32%
There are times when I don't like myselfI believe all the things that they say about me I wanna love myself Just like everyone else But thеre are times whеn I don't like myself I Don't Like Myself
32%
Oh, love (sometimes, I can get a little)Have mercy (I can get a little lonely) On me (sometimes, I can get a little) And keep me company (I can get a little lonely) Lonely
31%
Oh, the storm is raging against us now (ooh-oh, ooh-oh)If you're afraid of falling, then don't look down (ooh-oh, ooh-oh) But we took the step, oh, we took the leap And we'll take what comes, take what comes Walking The Wire
25%
When the day has comeThat I've lost my way around And the seasons stop And hide beneath the ground Bleeding Out
23%
I'm holding my breath, holding so tightNothing is wrong, nothing is right I'm in the dark, looking for light Won't someone please save my life? Dull Knives
23%
Your time will comeIf you wait for it, if you wait for it It's hard, believe me, I've tried But I keep coming up short Amsterdam
22%
All my friends are gone, I don't blame themI guess I'll move on, do the same thing So I wrote a song to be my lullaby Sing me to sleep at night, open my third eye Easy Come Easy Go
21%
Don't throw stones at meDon't tell anybody Trouble finds me All the noise of this Has made me lose my belief Roots
21%
One more day we'll spend togetherLet your eyes look up upon me for the better Oh, I know I'm worse for weather But my love I won't give up West Coast
19%
I can say things I don't meanOr maybe it's the truth in me I feel it building, bubbling up My time is up Cutthroat
17%
I know it's hard to hear but I'mWaitin' for the new year Don't wanna waste my life chasin' white Try to swim towards the light Giants
17%
So spend your hours on what you think I've done wrongI know I'm in your mind, I've been here way too long I want to spend my life with those who's done me right Your heart is frozen over, I'm a four-leaf clover No Time For Toxic People
17%
So won't youSave us, what we are, don't look clear, it's all uphill from here. Oohhh. Who We Are
17%
When you're down on your luckI take the bass, baby, turn it up When your face to the floor I turn the dial, turn it up more, oh-oh-oh Monday
16%
Reach, it's not as bad as it seemsI cleanse in the river for somebody else For anyone but myself River
14%
To make a name you pay the priceYou give your life no other way The Devil's deal, it comes around To wear the crown Rise up from the ground Bullet In A Gun
13%
Sadness is my enemyI fear time will age him gently Walking by my side for all these years Seems that we've grown friendly Happiness is beautiful to see Burn Out
10%
'Cause, honey, it's been a hard yearIt seems like we're going nowhere Crying inside your bedroom Baby, I know it's not fair I'll Make It Up To You
10%
If you can find a reasonYou can let me know I won't blame you I'll just turn and go Every Night
9%
I know I've given upA hundred times before But I know a miracle Is not something to ignore Born To Be Yours
8%
Nie znaleziono quizów pasujących do podanych kryteriów
Rozkład punktacji
Procent ludzi z każdym wynikiem
Percentyl według liczby udzielonych odpowiedzi
Twoja historia wyników
Nie rozwiązałeś tego quizu